Anne of the Island /
Join Anne as she waves goodbye to childhood in pursuit of new experiences in the third book in the hugely popular children’s series ´Anne of Green Gables´. Anne is eighteen and fulfilling her life’s dream by leaving for university, where new adventures await at Redmond College in the bustling city o...
Uloženo v:
| Série: | Anne of Green Gables,
část 3 |
|---|---|
| Hlavní autor: | |
| Médium: | E-kniha |
| Jazyk: | Czech |
| Vydáno: |
Praha :
Saga Egmont,
2024
|
| Příbuzné jednotky: | Z cyklu::
Anne of Green Gables |
| Tagy: |
Žádné tagy |
| LEADER | 01822nam a22002417i 4500 | ||
|---|---|---|---|
| 001 | 312577 | ||
| 007 | ta | ||
| 008 | 260601s2024 xr ||||| |||| 00| 0 cze d | ||
| 020 | |a 9990004158153 | ||
| 044 | |a xr | ||
| 100 | 1 | |a Montgomery, L. M. |4 aut | |
| 245 | 1 | 0 | |a Anne of the Island / |c Montgomery, L. M. |
| 264 | 1 | |a Praha : |b Saga Egmont, |c 2024 | |
| 300 | |a 1 online zdroj (243 stran) | ||
| 336 | |a text |b txt |2 rdacontent | ||
| 337 | |a bez média |b n |2 rdamedia | ||
| 338 | |a online zdroj |b cr |2 rdacarrier | ||
| 520 | 2 | |a Join Anne as she waves goodbye to childhood in pursuit of new experiences in the third book in the hugely popular children’s series ´Anne of Green Gables´. Anne is eighteen and fulfilling her life’s dream by leaving for university, where new adventures await at Redmond College in the bustling city of Kingsport. But tragedy and an unexpected proposal leave Anne questioning if she’s ready for love. Will her newfound determination get in the way of her finding true love? This touching novel about growing up and leaving home for the first time is a must-read for fans of Alice Oseman. Lucy Maud Montgomery (1874-1942) was a Canadian author and poet, best known for her series of novels ‘Anne of Green Gables’ published in 1908. They have been adapted for TV and film on many occasions, including the Netflix TV series ‘Anne with an E’. | |
| 787 | 0 | 8 | |g 3 |i Z cyklu: |t Anne of Green Gables |
| 910 | |a RBIT002 | ||
| 998 | |d 415815 |a https://core.palmknihy.cz/api/books/415815/cover?snaosb |b https://core.palmknihy.cz/api/books/415815/cover/400?snaosb |c https://core.palmknihy.cz/api/books/415815/cover/50?snaosb |e |g 243 |i 9990004158153 |j https://core.palmknihy.cz/api/books/415815/preview.epub |l |q 49 |r 1 |s https://www.palmknihy.cz/kniha/415815 |t ebook |y 2024 |z 1 |v Anne of Green Gables |w 3 | ||
| 999 | |d 312575 | ||